00677cam a22002054a 45000010005000000030009000050050017000140080041000310100017000720200015000890400023001040500027001270820023001542450079001772600042002563000044002986500068003426500041004107100020004514747BD-DhUAP20200129112312.0200129s2002 dcu b 000 0 eng  a 2002069179 a0821351052 aDLCcDLCdBD-DhUAP00aHC59.72.I55bI497 200200a384.091724 WOR22300aInformation and communication technologies :ba World Bank group strategy. aWashington, DC :bWorld Bank,cc2002. axv, 82 pages :billustrations ;c28 cm. 0aInformation technologyxEconomic aspectszDeveloping countries. 0aCommunicationzDeveloping countries. aThe World Bank.